Mineralogy : towards the twenty-first century : a discussion organized jointly for the Royal Society and the Mineralogical Society by J. E. T. Horne and Sir Kingsley Dunham, For. Sec. R.S., in celebration of the Mineralogical Society's centenary meeting held on 7 and 8 April 1976.

Bibliographic Details
Corporate Authors: Royal Society (Great Britain), Mineralogical Society (Great Britain)
Other Authors: Horne, John Ewen Troup, Dunham, K. C. (Kingsley Charles), 1910-2001
Format: Book
Language:English
Published: London : Royal Society, 1977.
Subjects:

MARC

Tag First Indicator Second Indicator Subfields
LEADER 00000cam a2200000 i 4500
001 in00000172002
005 20151008090809.0
008 780822s1977 enkabf b 10000 eng
010 |a  78309301  
015 |a GB78-01527. 
020 |a 0854030921 :  |c 30.00 
035 |a (OCoLC)04514395 
035 |9 AAU1935AM 
040 |a DLC  |c DLC  |d TXA  |d UtOrBLW 
049 |a TXAM  |c [1190205] 
050 0 0 |a QE351  |b .M53 
082 0 |a 549 
245 0 0 |a Mineralogy :  |b towards the twenty-first century : a discussion organized jointly for the Royal Society and the Mineralogical Society by J. E. T. Horne and Sir Kingsley Dunham, For. Sec. R.S., in celebration of the Mineralogical Society's centenary meeting held on 7 and 8 April 1976. 
264 1 |a London :  |b Royal Society,  |c 1977. 
300 |a ix, 404 pages, 22 unnumbered pages of plates, 5 unnumbered leaves of plates :  |b illustrations, maps ;  |c 31 cm. 
336 |a text  |b txt  |2 rdacontent 
337 |a unmediated  |b n  |2 rdamedia 
338 |a volume  |b nc  |2 rdacarrier 
500 |a Pages also numbered 235-638. 
504 |a Includes bibliographies. 
650 0 |a Mineralogy  |v Congresses. 
650 0 |a Petrology  |v Congresses. 
650 0 |a Geochemistry  |v Congresses. 
700 1 |a Horne, John Ewen Troup. 
700 1 |a Dunham, K. C.  |q (Kingsley Charles),  |d 1910-2001. 
710 2 |a Royal Society (Great Britain) 
710 2 |a Mineralogical Society (Great Britain) 
999 |a MARS 
999 f f |s 1497caea-d4c3-3b0c-ba55-1dc97aa033dd  |i 71d7972c-c380-3cc0-8caf-8c321ade17a7  |t 0 
952 f f |p ric  |a Texas A&M University  |b Rellis Campus  |c Joint Library Facility  |d Remote Storage  |t 0  |e QE351 .M53  |h Library of Congress classification  |i unmediated -- volume  |m A14804784564 
998 f f |a QE351 .M53  |t 0  |l Remote Storage